000 00923nam a22002537a 4500
999 _c65914
_d65914
005 20240530110849.0
008 200912s2020 ua a f b 000 0dara d
017 _a2020/3320
_bمصر. دار الكتب
020 _a9789777802161
040 _aEG-CaGPL
_cEG-CaGPL
082 0 4 _221
_a417\
_bم ل
100 0 _aمصطفى محمد صلاح
245 1 2 _aاللهجات العربية فى المعجم اللغوى التاريخى /
_cمصطفى محمد صلاح
250 _aط.1
260 _aالقاهرة :
_bعالم الكتب،
_c2020
300 _a295 ص. ؛
_c24 سم.
504 _aيشتمل على ارجاعات ببليوجرافية
650 0 7 _aاللغة العربية
_2qrmak
_xاللهجات
650 0 7 _aالاصوات اللغوية
_2qrmak
650 0 7 _aاللهجات العربية
651 _2qrmak
942 _2ddc
_cBK